header

Latin epics of the New Testament (Record no. 22128)

MARC details
000 -LEADER
fixed length control field 01789nam a2200397 a 4500
082 04 - DEWEY DECIMAL CLASSIFICATION NUMBER
Classification number 873/.01093827
100 1# - MAIN ENTRY--AUTHOR NAME
Personal name Green, Roger
245 10 - TITLE STATEMENT
Title Latin epics of the New Testament
260 ## - PUBLICATION, DISTRIBUTION, ETC. (IMPRINT)
Place of publication Oxford ;
-- New York :
Name of publisher Oxford University Press,
Year of publication 2006.
300 ## - PHYSICAL DESCRIPTION
Number of Pages xviii, 443 p.
505 0# - FORMATTED CONTENTS NOTE
Formatted contents note Juvencus -- Sedulius -- Arator -- Reception and influence.
650 #0 - SUBJECT ADDED ENTRY--TOPICAL TERM
Topical Term Epic poetry, Latin (Medieval and modern)
Topical Term Christian literature, Latin (Medieval and modern)
856 40 - ELECTRONIC LOCATION AND ACCESS
Uniform Resource Identifier http://site.ebrary.com/lib/rucke/Doc?id=10271418

No items available.

© 2026 Rongo University
Contact us: librarian | system librarian | Rongo university